Southville International School and Colleges
Your cart is empty.
  • Cart
  • Lists
    Public lists Eva Luna New books Lux_list list_1
    Your lists Log in to create your own lists
  • Log in to your account
  • Your cookies
  • Search history
Southville International School and Colleges
  • Advanced search
  • Recent comments
  • Most popular
  • Libraries

Log in to your account

Log in with GOOGLE


If you do not have an external account, but do have a local account, you can still log in:

  1. Home
  2. MARC view: Amelie the seal fairy /
Normal view MARC view ISBD view

Amelie the seal fairy / (Record no. 343790)

[ view plain ]
MARC details
000 -LEADER
fixed length control field 00521nam a2200217Ia 4500
008 - FIXED-LENGTH DATA ELEMENTS--GENERAL INFORMATION
fixed length control field 170918s9999 xx 000 0 und d
020 ## - INTERNATIONAL STANDARD BOOK NUMBER
International Standard Book Number 9780545288729
050 ## - LIBRARY OF CONGRESS CALL NUMBER
Item number M482oc 2010
100 ## - MAIN ENTRY--PERSONAL NAME
Personal name Meadows, Daisy
245 ## - TITLE STATEMENT
Title Amelie the seal fairy /
245 ## - TITLE STATEMENT
Statement of responsibility, etc by Daisy Meadows.
260 ## - PUBLICATION, DISTRIBUTION, ETC. (IMPRINT)
Place of publication, distribution, etc New York :
260 ## - PUBLICATION, DISTRIBUTION, ETC. (IMPRINT)
Name of publisher, distributor, etc Little Apple,
260 ## - PUBLICATION, DISTRIBUTION, ETC. (IMPRINT)
Date of publication, distribution, etc 2010
300 ## - PHYSICAL DESCRIPTION
Extent 65 pages :
300 ## - PHYSICAL DESCRIPTION
Other physical details illustrations ;
300 ## - PHYSICAL DESCRIPTION
Dimensions 19cm.
300 ## - PHYSICAL DESCRIPTION
Accompanying material Rainbow Magic : The ocean faries ;
440 ## - SERIES STATEMENT/ADDED ENTRY--TITLE
Title 2
500 ## - GENERAL NOTE
General note 770
Holdings
Withdrawn status Lost status Damaged status Home library Current library Date acquired Total Checkouts Full call number Barcode Date last seen Price effective from Koha item type
      Stonyhurst Southville International School (Malarayat) Stonyhurst Southville International School (Malarayat) 09/18/2017   GS FIC M482oc 2010 bk 2 SSISM2862 09/18/2017 09/18/2017 Books

Amelie the seal fairy /

APA

Meadows D., .Amelie the seal fairy. New York: .

Chicago

Meadows Daisy, .Amelie the seal fairy. New York: .

Harvard

Meadows D., .Amelie the seal fairy. New York: .

MLA

Meadows Daisy, .New York: . .

  • Place hold
  • Print
  • Cite
  • Add to your cart (remove)
  • Save record
    BIBTEX Dublin Core MARCXML MARC (non-Unicode/MARC-8) MARC (Unicode/UTF-8) MARC (Unicode/UTF-8, Standard) MODS (XML) RIS
  • More searches
    Search for this title in:
    Other Libraries (WorldCat) Other Databases (Google Scholar) Online Stores (Bookfinder.com) Open Library (openlibrary.org)

Exporting to Dublin Core...

SOUTHVILLE LIBRARY

Southville International School and Colleges Library

1281 Tropical Ave. Cor. Luxembourg St., BF Homes International, Las Pinas City

Tel. No. 8256374 / 252358 Loc. 117/146

Powered by Koha